|
|
|
|
| LEADER |
00978nam a2200229 a 4500 |
| 008 |
090714s2006 bg 000 0 eng d |
| 020 |
|
|
|a 9843230361
|
| 082 |
0 |
0 |
|a 891.4437
|2 22
|
| 999 |
|
|
|c 2510
|d 2510
|
| 999 |
|
|
|c 2510
|
| 100 |
1 |
|
|a Abdullah, Faruk
|9 6555
|
| 245 |
1 |
4 |
|a Three girls :
|b a twenty-first century tale /
|c Faruk Abdullah (Carl Bloom).
|
| 260 |
|
|
|a Dhaka :
|b The Devil's Workshop,
|c 2006.
|
| 300 |
|
|
|a 215 p. ;
|c 21 cm.
|
| 500 |
|
|
|a Carl Bloom, class of 1989.
|
| 541 |
1 |
|
|e 00014677
|
| 650 |
0 |
|
|a Bengali fiction
|9 6008
|
| 700 |
1 |
|
|a Bloom, Carl.
|9 6556
|
| 852 |
4 |
|
|a Ayesha Abed Library
|j General Shelf.
|
| 942 |
|
|
|2 ddc
|c BK
|0 1
|
| 952 |
|
|
|0 0
|1 0
|2 ddc
|4 0
|6 891_443700000000000_ABD
|7 0
|9 2309
|a BRACUL
|b BRACUL
|c GEN
|d 2009-07-19
|g 30.00
|l 14
|m 30
|o 891.4437 ABD
|p 3010014677
|r 2025-08-11
|s 2025-07-07
|t 1
|w 2009-07-19
|y BK
|
| 952 |
|
|
|0 0
|1 0
|2 ddc
|4 0
|6 891_443700000000000_ABD
|7 0
|9 16244
|a BRACUL
|b BRACUL
|c GEN
|d 2011-04-30
|l 11
|m 36
|o 891.4437 ABD
|p 3010014678
|r 2025-08-24
|s 2025-08-10
|t 2
|w 2011-04-30
|y BK
|